Television Quiz

Random Television or WWE Quiz

Wwe finishers Quiz Stats

Quiz not verified by Sporcle

Challenge
Share
Tweet
, ,
Score 0/5 Timer 10:00
0 Plays Today
% Correct
rko
97.8%
sweet chin music
92.1%
tombstone
90.3%
spear
83.8%
samoan spike
60.3%

You're not logged in!

Compare scores with friends on all Sporcle quizzes.
Sign Up with Email
OR
Log In

You Might Also Like...

Show Comments

Extras

Top Quizzes Today


Score Distribution

Your Account Isn't Verified!

In order to create a playlist on Sporcle, you need to verify the email address you used during registration. Go to your Sporcle Settings to finish the process.